000 00473nam a2200193Ia 4500
005 20240220093314.0
008 131103s9999 xx 000 0 und d
020 _cRs.10
040 _aLoreto College
041 _aEnglish
082 _a370.954
_bKAU
100 _aKaul,G.N.
245 _aBetter Schools for India,
_cG.N.Kaul
260 _aBombay
_bOrient Longmans
_c1964
300 _axi,236 p.
650 _aEducation - India
850 _aLCLIB
942 _cBK
999 _c10389
_d60868